| 000 | 00375nam a2200169Ia 4500 | ||
|---|---|---|---|
| 100 | _aCarr/Joseph J | ||
| 650 | _aIntegrated Circuits | ||
| 942 | _cBK | ||
| 366 | _f20 | ||
| 654 | _aintegrated circuits | ||
| 245 | _aLinear Integrated Circuits | ||
| 260 |
_bElsevier _aMumbai _c2006 |
||
| 082 |
_a621.39815/CAR _bCAR |
||
| 300 | _a335 | ||
| 546 | _aENGLISH | ||
| 999 |
_c24942 _d24942 |
||